000 00596nam a2200193 i 4500
001 42727
003 ES-MaACL
005 20251113144909.0
007 t|
008 030313s1968 sp ||||1| spa d
100 1 _aCastiñeiras, Jaime.
_936788
245 1 0 _aCristianismo en un mundo secularizado /
_cJaime Castiñeiras, Javier Domínguez.
260 _aBilbao :
_bMensajero,
_c[1968]
300 _a147 p. ;
_c19 cm.
650 _aCristianismo-
_xHistoria-
_yS.XX.
_9160094
700 1 _aDomínguez, Javier,
_d1929-
_9152738
852 _aES-MaACL
_jC-50902
_bR.69378
999 _c42727
_d42727